000 00557nam a2200169Ia 4500
008 090711s9999 xx 000 0 und d
082 _b74960
100 _aइंद्राणी शोभा
245 _aकिमया फळभाज्यांSाी
260 _c1994
300 _a156
600 _aइंद्राणी शोभा
630 _aकिमया फळभाज्यांSाी
700 _aइंद्राणी शोभा
730 _aकिमया फळभाज्यांSाी
942 _cBOOK
999 _c315610
_d315610